000 00572nam a2200181Ia 4500
003 GCL
008 140319s9999 xx 000 0 ara d
040 _aGCL /
_cGCL
082 0 4 _a070.962
_bع هـ
100 1 _aعواطف عبدالرحمن
245 1 0 _aهموم الصحافة والصحفيين فى مصر /
_cعواطف عبدالرحمن
300 _a280 ص
490 _aالهيئة العامة للاستعلامات
_v0
650 0 4 _aالصحافة المصرية
650 0 4 _aالصحافة
650 0 4 _aالصحافة ( مهنة )
942 _2ddc
_cBK
999 _c52099
_d52099